Statistics for Enemies of China

Click here to take the quiz!

General Stats

  • This quiz has been taken 102 times
  • The average score is 17 of 41

Answer Stats

Region/ContinentRelation ScoreAnswer% Correct
East Asia-80Japan
99%
Northern America-80United States
99%
East Asia-80South Korea
96%
Europe-80United Kingdom
93%
Northern America-80Canada
91%
South Asia-90India
91%
Europe-40Germany
86%
Oceania-60Australia
84%
Europe-40France
84%
Oceania-60New Zealand
78%
Southeast Asia-40Vietnam
77%
Europe-40Italy
73%
Southeast Asia-50Malaysia
50%
Europe-40Poland
50%
Oceania-60Palau
49%
Oceania-60Fiji
47%
Mesoamerica-60Honduras
36%
Oceania-60Kiribati
36%
Oceania-60Nauru
36%
Oceania-40Tuvalu
35%
Mesoamerica-60Guatemala
34%
Oceania-60Micronesia
34%
Mesoamerica-60Nicaragua
32%
Mesoamerica-60Belize
28%
Southeast Asia-40Brunei
26%
Mesoamerica-60Haiti
26%
Central Asia-60Afghanistan
24%
South America-60Paraguay
20%
Lesser Antilles-60Saint Kitts and Nevis
20%
South America-40French Guiana
19%
Lesser Antilles-60Saint Vincent and the Grenadines
18%
Southeast Asia-60Phillipines
16%
Europe-60Vatican City
15%
Southern Africa-60Eswatini
12%
Lesser Antilles-40Guadeloupe
3%
Lesser Antilles-40Martinique
3%
Mesoamerica-60Puerto Rico
3%
South Africa-40Mayotte
1%
Oceania-60New Caledonia
1%
South Africa-40Reunion
1%
Lesser Antilles-60Anguilla
0%

Score Distribution

Percentile by Number Answered

Percent of People with Each Score

Your Score History

You have not taken this quiz